| 000 | 00531nam a22002177a 4500 | ||
|---|---|---|---|
| 003 | bpm | ||
| 005 | 20260416104351.0 | ||
| 008 | 260416b |||||||| |||| 00| p spa d | ||
| 020 | _a9506733488 | ||
| 024 | _aS. C. C. / M. C. y E. M.: | ||
| 040 | _aAR-CtUCP | ||
| 041 | _aspa | ||
| 080 | _aCDU | ||
| 100 | _aBressano de Alonso Olga | ||
| 245 | _aFuggevolezza e altre poesie | ||
| 250 | _a2° da. Edición trilingüe | ||
| 260 |
_aRosario _bUNR _c2003 |
||
| 650 | _aLiteratura - Poesía | ||
| 942 | _cLIB | ||
| 999 |
_c76648 _d76648 |
||